LEADER 01547nam 2200349 n 450 001 996397095803316 005 20200824121331.0 035 $a(CKB)4940000000064447 035 $a(EEBO)2264205832 035 $a(UnM)99825715_30102e 035 $a(UnM)99825715_30102 035 $a(EXLCZ)994940000000064447 100 $a19941107d1686 uy | 101 0 $aeng 135 $aurbn||||a|bb| 200 13$aAn almanack but for one day. Or, The Son of man reckoning with man upon an high account-day$b[electronic resource] $eThe last day. Latter day. Lords day. the Day of Judgment. Day of Doom. Licensed and entred according to order 210 $a[London] $cPrinted for J. Clarke, W. Thackeray, and T. Passinger$d[1686] 215 $a[24] p 300 $aThe words "Last day. .. Lords day" and "Day of Judgment. Day of Doom" are bracketed together on title page. 300 $aSignatures: A B?. 300 $aThe British Library copy has MS date "15. May. 1686". 300 $aIdentified as Wing A1246A on UMI microfilm set "Early English books, 1641-1700" reels 1803:5 and 1963:2; entry cancelled in Wing (2nd ed.). 300 $aReproductions of the original in the British Library. 330 $aeebo-0018 517 2 $aAlmanack but for one day 606 $aJudgement Day$vEarly works to 1800 615 0$aJudgement Day 801 0$bCu-RivES 906 $aBOOK 912 $a996397095803316 996 $aAn almanack but for one day. Or, The Son of man reckoning with man upon an high account-day$92390868 997 $aUNISA LEADER 01777nam a2200445 i 4500 001 991001173879707536 005 20020507184620.0 008 940119s1992 si a 101 0 eng d 020 $a9810208561 035 $ab10811060-39ule_inst 035 $aLE01308202$9ExL 040 $aDip.to Matematica$beng 082 0 $a515.353 084 $aAMS 34-06 084 $aAMS 35-06 084 $a53.1.32 084 $a53.1.34 084 $aLC QA370.N66 111 2 $aNEEDS '91$0536227 245 10$aNonlinear evolution equations and dynamical systems :$bproceedings of the 7th workshop held at Baia Verde, Gallipoli, Italy 19-29 June 1991 /$cM. Boiti, L. Martina F. Pempinelli (eds.) 246 33$aNEEDS '91 260 $aSingapore :$bWorld Scientific,$cc1992 300 $axi, 459 p. :$bill. ;$c22 cm 490 0 $aNEEDS Proceedings ;$v7 500 $aIncludes index 650 4$aDifferentiable dynamical systems$xCongresses 650 4$aOrdinary differential equations$xCongresses 650 4$aPartial differential equations$xCongresses 650 4$aPDE$xCongresses 700 1 $aBoiti, Marco 700 1 $aMartina, Luigi 700 1 $aPempinelli, Flora 907 $a.b10811060$b23-02-17$c28-06-02 912 $a991001173879707536 945 $aLE006 53.1.3 BOI$g1$i2006000040389$lle006$o-$pE0.00$q-$rl$s- $t0$u0$v0$w0$x0$y.i10213077$z27-06-02 945 $aLE013 34-XX BOI12 (1992)$g1$i2013000003443$lle013$o-$pE0.00$q-$rl$s- $t0$u0$v0$w0$x0$y.i10916477$z28-06-02 945 $aLE006 53.1.3 BOI$cC. 2$g1$i2006000172813$lle006$og$pE141.89$q-$rl$s- $t0$u0$v0$w0$x0$y.i15714895$z10-03-16 996 $aNonlinear evolution equations and dynamical systems$9924911 997 $aUNISALENTO 998 $ale006$ale013$b01-01-94$cm$da $e-$feng$gsi $h0$i2